Sông ngòi Việt Nam

Đã lưu trong:
书目详细资料
主要作者: Nguyễn, Viết Phổ
格式: 图书
语言:Undetermined
出版: Hà Nội Khoa học kỹ thuật 1983
主题:
标签: 添加标签
没有标签, 成为第一个标记此记录!
Thư viện lưu trữ: Trung tâm Học liệu Trường Đại học Cần Thơ
LEADER 00534nam a2200193Ia 4500
001 CTU_10361
008 210402s9999 xx 000 0 und d
082 |a 551.483 
082 |b Ph450 
100 |a Nguyễn, Viết Phổ 
245 0 |a Sông ngòi Việt Nam 
245 0 |c Nguyễn Viết Phổ 
260 |a Hà Nội 
260 |b Khoa học kỹ thuật 
260 |c 1983 
650 |a Hydrography,Rivers 
650 |z Vietnam 
904 |i Minh 
980 |a Trung tâm Học liệu Trường Đại học Cần Thơ